Рукописи и корректуры издания "Коронационного сборника" французского перевода Б.Б. Корсова

Доступно только в Электронных читальных залах Найти на картеНа карте
RUSMARC
00003685nmc2a22002533x 450
001e8b24ef6-472e-4dc7-9398-9388e890bf52
00520241114104428.0
100##$a20240618l18961896k l0rusy0189 ca
1010#$arus
$afre
102##$aRU
105##$ay###
1222#$ad
2001#$aРукописи и корректуры издания "Коронационного сборника" французского перевода Б.Б. Корсова
$j1896 г.
215##$a118 л.
$d36,5х23 см
251##$cДело
300##$aНа обложке указано: "Вторая часть первого тома"
300##$aНа русском и французском языках
371##$aДокумент не является опубликованным и широко распространяемым
461#0$1001RusGRCC00079091
$12001
$aКанцелярия Министерства Императорского двора
$1251
$cФонд
$1852
$j472
462#0$1001c0b6831a-da70-44f0-af60-1a3bc9d20a40
$12001
$aКанцелярия Министерства Императорского двора
$1251
$cОпись
$1852
$j44
$l420-1968
801#0$aRU
$bРГИА
$c20240618
$gRCR
801#1$aRU
$bГлавНИВЦ
$c20240618
$2rusmarc
801#2$aRU
$bПБ им. Б.Н. Ельцина
$c20241114
$gRCR
$2rusmarc
850##$aРГИА
852##$aРГИА
$eФедеральное казенное учреждение "Российский государственный исторический архив" (РГИА)
$j98
937##$hРГИА
$d12416985
$aASBIBLIO_SCAN
035##$aRusGRCC00079089
856##$uhttp://readingroom.main.prlib.ru/item.aspx?id_node=n194805441&mode=full
Формат отображения